Looking at Shakespeare: (Record no. 7217)
[ view plain ]
| 000 -LEADER | |
|---|---|
| fixed length control field | 00963nam a2200193 4500 |
| 020 ## - INTERNATIONAL STANDARD BOOK NUMBER | |
| ISBN | 9780521576864 |
| 022 ## - INTERNATIONAL STANDARD SERIAL NUMBER | |
| ISSN | 052134655X |
| 050 ## - CALL NUMBER | |
| Classification number | PR3100 |
| Item number | .K46 |
| 100 ## - AUTHOR | |
| Personal name | Kennedy Dennis |
| 245 ## - TITLE | |
| Title | Looking at Shakespeare: |
| Remainder of title | A visual history of twentieth-century performance |
| Statement of responsibility, etc | Dennis Kennedy |
| 260 ## - PUBLICATION INFORMATION | |
| Place of publication | Cambridge |
| Name of publisher | Cambridge University Press |
| Year of publication | 1993 |
| 300 ## - DESCRIPTION | |
| Number of Pages | xxiii. 358 pages : |
| Other physical details | illustration |
| Dimensions | 26 cm |
| 500 ## - NOTES | |
| General note | Includes Index |
| 505 ## - FORMATTED CONTENTS NOTE | |
| Table of Content | Shakespeare and the visual --<br/>Victorian pictures --<br/>The scenographic revolution --<br/>Styles of politics --<br/>The stuffed stag and the new look --<br/>Reinventing the stage --<br/>The liberation of Europe --<br/>New spaces, new audiences --<br/>Imaging Shakespeare. |
| 650 ## - SUBJECTS | |
| Topical Term | Shakespeare, William, -- 1564-1616 -- Stage history -- 1950- -- Pictorial works. |
| 650 ## - SUBJECTS | |
| Topical Term | Shakespeare, William, -- 1564-1616 -- Stage history -- 1800-1950 -- Pictorial works. |
| 650 ## - SUBJECTS | |
| Topical Term | Shakespeare, William, -- 1564-1616. |
| 942 ## - ADDED ENTRY ELEMENTS (KOHA) | |
| Koha item type | Books |
| Withdrawn status | Lost status | Collection code | Home library | Current library | Shelving location | Date acquired | Full call number | Accession Number | Koha item type |
|---|---|---|---|---|---|---|---|---|---|
| Reference | Methodist University Library Main | Methodist University Library Main | General Stacks | 11/12/1999 | PR3100 .K46 | 26613 | Books |